000 00586nam a2200145Ia 4500
003 OSt
005 20260331141117.0
008 211028s2011 xx 000 0 und d
040 _cAIMIT LIBRARY
041 _aeng
100 _aGodavarthi, Varalakshmi;Shanbhag, Santhosh.
_g916038
_96801
245 _aA study based on creating and designing promotional strategies for building market demand in Mangalore regarding ceramics products of HH ceramics Pvt.Ltd Mangalore for Construction Remodeling Renovating Purposes /
260 _aMangalore
_bShanbhag, Santhosh
_c2011
942 _2ddc
_cPRO
999 _c218371
_d218371